| 000 | 00555nam a2200193 a 4500 | ||
|---|---|---|---|
| 005 | 20240925065040.0 | ||
| 008 | 020514m19901997mx r 000 0 spa d | ||
| 020 | _a9682432561 | ||
| 035 | _aUPN01000117307 | ||
| 049 | _aCG | ||
| 050 | 4 |
_aBF125 _bR6.6 |
|
| 100 | 1 |
_aRibes Iñesta, Emilio _929599 |
|
| 245 | 1 | 0 |
_aPsicología general / _cEmilio Ribes Iñesta. |
| 260 |
_aMéxico : _bTrillas, _c1990 (1997 impr.). |
||
| 300 | _a273 p. | ||
| 440 | 0 | _aBiblioteca conceptos y tópicos en teoría de la conducta | |
| 650 | 4 |
_aPsicología _938 |
|
| 905 | _aLibro | ||
| 999 |
_c89844 _d89844 |
||